000 01008nam a2200313 i 4500
003 EG-GICUC
005 20260430082526.0
008 260430b2007 au ||||fr|||| 00| 0 eng d
040 _aEG-GiCUC
_beng
_cEG-GiCUC
_dEG-GiCUC
_erda
082 0 4 _221
_a352
092 0 4 _221
099 _aLaw 13 2007
100 1 _aDaw, Said Y.
245 1 0 _aState budget & national accounting /
_cSaid Y. Daw, reviewer M. Sabry El-Attar.
250 _a2nd edition :
264 _aGiza :
_bCairo University. Accounting department,
_c2007.
300 _axi, 365 pages ;
_c24 cm
336 _2rda content
_atext
337 _2rda media
_aComputer
338 _2rda carrier
_aOnline Resource
504 _aIncludes bibliographical references ( 362-365).
650 0 _aBudget
_xGovernment policy.
650 0 _aNational income
_xAccounting.
650 0 _aFinance, Public.
700 1 _aEL-Attar, Sabry.
856 4 0 _uhttps://fll.law.cu.edu.eg/fulltext/bks/ENGB13-00095.pdf
905 _a10
942 _2ddc
_cBK
_e21
_n0
999 _c74385
_d74385